000 02087cgm a2200505Ki 4500
001 ocn876080656
003 OCoLC
005 20241220140837.0
007 vd cvaizu
008 140408s2014 xx 070 j vleng d
024 1 _a883929355174
024 1 _a883929405237
028 4 2 _a1000418249
_bWarner Bros. Entertainment Inc.
035 _a(OCoLC)876080656
037 _bMidwest Tape
_nhttp://www.midwesttapes.com
040 _aTEFMT
_beng
_erda
_cTEFMT
_dTEF
_dBDX
_dTEFMT
_dBTCTA
_dUINTA
049 _aUCLB
050 4 _aPN1997.2
_b.S67 2014
082 0 4 _a791.43/72
_223
092 _a791.437
245 0 0 _aSophia Grace & Rosie's royal adventure
246 3 _aSophia Grace and Rosie's royal adventure
264 1 _a[Place of publication not identified] :
_b[Publisher not identified],
_c[2014?]
264 2 _aBurbank, CA :
_bWarner Bros. Entertainment Inc.
_c2014
300 _a1 videodisc (70 min.) :
_bsound, color ;
_c4 3/4 in.
336 _atwo-dimensional moving image
337 _avideo
338 _avideodisc
500 _aTitle from web page.
511 1 _aSophia Grace Brownlee, Rosie McClelland.
520 _aThe girls are sent to Switzelvania by The Ellen DeGeneres Show as special correspondents tasked with covering the coronation of a new queen. Once there, they encounter three very different princesses competing for the throne. Together, the girls hatch a royal plot to help the best candidate win.
521 8 _aRating: G.
538 _aDVD, widescreen.
650 0 _aQueens
_vJuvenile films.
_96374654
650 0 _aCoronations
_vJuvenile films.
_96480321
650 1 _aQueens
_vDrama.
_95712044
650 1 _aCoronations
_vDrama.
_96480322
655 7 _aFeature films.
_2lcgft
_96271912
655 7 _aChildren's films.
_2lcgft
_96271913
655 7 _aVideo recordings for the hearing impaired.
_2lcgft
_96271914
700 1 _aBrownlee, Sophia Grace,
_eactor.
_95888293
700 1 _aMcClelland, Rosie,
_eactor.
_95888295
710 2 _aWarner Bros. Entertainment.
_952548
942 _cDVD
_2ddc
999 _c110482
_d110482